00397nam a2200157Ia 4500008004100000082001000041100001500051245003100066250000600097260003600103300000800139600001500147630003100162700001500193730003100208090123s9999 xx 000 0 und d b36327 aCOHEN HERB aYOU CAN NEGOTIATE ANYTHING a0 b"JAICO PUBLISHING HOUSE,MUMBAI" a192 aCOHEN HERB aYOU CAN NEGOTIATE ANYTHING aCOHEN HERB aYOU CAN NEGOTIATE ANYTHING